00394nam a2200133Ia 4500008004100000020001800041050001900059100001600078245002600094260002000120300001100140440002100151650008800172120626s9999 xx 000 0 und d a968-867-119-3 aPA3893 P5 2001 aARISTOTELES aPoetica / Aristoteles aMexico: COLOFON a134 p. aBiblioteca nueva a1. Estetica - Trabajos anteriores a 1800 2. Poesia -Obras anteriores a 1800ÌÌ